000 03191nab a2200313 i 4500
003 BR-BrBNA
005 20240909212109.0
008 240906b2016 bl.mr|pooa||| 00| 0 eng |
040 _aBR-BrBNA
_beng
072 _aF60
_b0150
100 _aArruda, Rejanne Lima
100 _aPaz, Andressa Tuane Santana
100 _a Bara, Maria Teresa Freitas
100 _aCôrtes, Márcio Vinicius de Carvalho Barros
100 _aFilippi, Marta Cristina Corsi de
100 _aConceição, Edemilson Cardoso da
245 _aAn approach on phytoalexins: function, characterization and biosynthesis in plants of the family Poaceae
500 _aPublicação on-line; 4 illus; Sumaries (En, Pt); Bibliography p. 1213 a 1216
520 _a ABSTRACT - Phytoalexins are compounds that have been studied a few years ago, which present mainly antimicrobial activity. The plants of the family Poaceae are the most geographically widespread and stand out for their economic importance, once they are cereals used as staple food. This family stands out for having a variety of phytoalexins, which can be synthesized via the shikimic acid (the phenylpropanoids), or mevalonic acid, being considered terpenoid phytoalexins. The characterization of these compounds with antimicrobial activity is carried out using chromatographic techniques, and the high-performance liquid chromatography (HPLC) coupled with mass spectrometry are the most efficient methods in this process. This research aimed to present an approach of the function, characterization and biosynthesis of phytoalexins in plants of the family Poaceae. Key words: metabolites, protection of plants, signaling, Oryza sativa.
520 _a RESUMO - As fitoalexinas são compostos que vêm sendo estudados há alguns anos, apresentando principalmente atividade antimicrobiana. As plantas da família Poaceae são as geograficamente mais difundidas e se destacam por sua importância econômica, uma vez que são os cereais que compõe a base da alimentação, em todos os continentes. Essa família se destaca por apresentar uma variedade de fitoalexinas, sendo que as mais importantes são sintetizadas a partir da via do ácido chiquímico. A caracterização desses compostos com atividade antimicrobiana é realizada por meio de técnicas cromatográficas, sendo que a cromatografia líquida de alta eficiência (HPLC) acoplada com espectrometria de massas é a técnica mais eficiente nesse processo. O trabalho apresenta como objetivo uma abordagem da função, caracterização, biossíntese e aplicações das fitoalexinas em plantas da família Poaceae. Palavras-chave: metabólitos, proteção de plantas, sinalização, Oryza sativa.
650 _aORYZA SATIVA
650 _aARROZ
650 _aFITOALEXINA
650 _aBIOSSÍNTESE
773 0 _02408
_9314929
_dSanta Maria-RS Universidade Federal de Santa Maria - Centro de Ciências Rurais 1991
_o2024-1180
_tCiência Rural (Brazil)
_x0103-8478
_gv. 46(7) p. 1206-1216; (2016)
_wBR2024001703
856 _uhttps://www.scielo.br/j/cr/a/gWHkWTRVB33VsHBWK6Cqg8j/?format=pdf&lang=en
942 _cAnalítica
999 _c301150
_d301150